| 000 | 01112nam a2200277 a 4500 | ||
|---|---|---|---|
| 001 | 57341 | ||
| 003 | BD-RjUL | ||
| 005 | 20211209080510.0 | ||
| 008 | 161208s1973 bg ||||| |||| 00| 0 ben d | ||
| 020 | _c: Tk. 10.50 | ||
| 035 | _a(BD-RjUL)57465 | ||
| 040 |
_aBD-RjUL _bben _cBD-RjUL _dBD-RjUL |
||
| 041 | _aben | ||
| 082 |
_223 _a954.9205 _bSHA 1973 |
||
| 245 | 0 | 0 |
_aশহীদ বুদ্ধিজীবী স্মরণে / _cমযহারুল ইসলাম সম্পাদিত |
| 260 |
_aঢাকা : _bবাংলা একাডেমী, _c১৯৭৩. |
||
| 300 |
_a[১৪], ৩৩৭ পৃ. ; _c২১ সেমি. |
||
| 490 |
_aবা. এ. ; _v৪০৫ |
||
| 650 |
_aবাংলাদেশ _zইতিহাস _y১৯৭১ _9170313 |
||
| 650 |
_aBangladesh _zHistory _y1971 _9170314 |
||
| 650 |
_aগণহত্যা _zবাংলাদেশ _y১৯৭১ _9244985 |
||
| 650 |
_aGenocide _zBangladesh _y1971 _9247292 |
||
| 700 |
_aইসলাম, মযহারুল, সম্পাদক _9247337 |
||
| 830 |
_aবা. এ. ; _v৪০৫ _9247338 |
||
| 942 |
_2ddc _cBK |
||
| 999 |
_c57341 _d57341 |
||